[Event "Remote S5E No Engine-230 email"]
[Site "Remote email"]
[Date "2013.04.27"]
[Round "?"]
[White "Garscha, Freimut E"]
[Black "Decking, Lutz"]
[Result "1-0"]
[WhiteElo "2508"]
[BlackElo "2123"]
[PlyCount "27"]
[EventDate "2013.??.??"]
[EventType "tourn (corr)"]
[EventRounds "4"]
[EventCountry "GER"]
[SourceTitle "Corr 2015"]
[Source "ChessBase"]
[SourceDate "2015.07.17"]
[SourceVersion "1"]
[SourceVersionDate "2015.07.17"]
[SourceQuality "1"]

1. e4 e5 2. Nf3 Nc6 3. Bb5 Nf6 4. 0-0 Be7 5. Re1 0-0 6. Bxc6 bxc6 7. Nxe5 c5 8. d3 Bb7 9. Bg5 d6 10. Nc4 h6 11. Bf4 Re8 12. Na5 Qb8 13. Nd2 Bd8 14. Ndc4 1-0

[Event "Remote S5E No Engine-229 email"]
[Site "Remote email"]
[Date "2013.04.23"]
[Round "?"]
[White "Garscha, Freimut E"]
[Black "Pirs, Matjaz"]
[Result "1/2-1/2"]
[WhiteElo "2508"]
[BlackElo "2558"]
[PlyCount "40"]
[EventDate "2013.??.??"]
[EventType "tourn (corr)"]
[EventRounds "4"]
[EventCountry "GER"]
[SourceTitle "Corr 2015"]
[Source "ChessBase"]
[SourceDate "2015.07.17"]
[SourceVersion "1"]
[SourceVersionDate "2015.07.17"]
[SourceQuality "1"]

1. e4 c5 2. Nf3 Nc6 3. d4 cxd4 4. Nxd4 Nf6 5. Nc3 e5 6. Ndb5 d6 7. Bg5 a6 8. Na3 b5 9. Nd5 Be7 10. Bxf6 Bxf6 11. c3 0-0 12. Nc2 Bg5 13. a4 bxa4 14. Rxa4 a5 15. Bc4 Bd7 16. 0-0 Nb4 17. Ra3 Nxd5 18. Bxd5 Rb8 19. b4 axb4 20. Nxb4 Qc8 1/2-1/2

[Event "Remote S5E No Engine-225 email"]
[Site "Remote email"]
[Date "2013.03.11"]
[Round "?"]
[White "Witt, Monika"]
[Black "Garscha, Freimut E"]
[Result "0-1"]
[WhiteElo "1570"]
[BlackElo "2508"]
[PlyCount "52"]
[EventDate "2013.??.??"]
[EventType "tourn (corr)"]
[EventRounds "4"]
[EventCountry "GER"]
[SourceTitle "Corr 2015"]
[Source "ChessBase"]
[SourceDate "2015.07.17"]
[SourceVersion "1"]
[SourceVersionDate "2015.07.17"]
[SourceQuality "1"]

1. e4 e5 2. Nf3 Nc6 3. a3 Nf6 4. Nc3 d5 5. h3 Nxe4 6. Bb5 Nxc3 7. dxc3 f6 8. Bxc6+ bxc6 9. Nh4 Qd7 10. Qf3 Qf7 11. Qg3 Bd6 12. Bd2 g5 13. Nf3 e4 14. Nxg5 fxg5 15. f4 gxf4 16. Bxf4 Bxf4 17. Qf2 Ba6 18. g3 Bd2+ 19. Qxd2 Qf3 20. Qf2 Qxh1+ 21. Kd2 Qxa1 22. Qc5 0-0-0 23. Qxa7 Qf1 24. Ke3 Qf3+ 25. Kd4 Qf2+ 26. Ke5 Rhe8# 0-1

[Event "Remote S5E No Engine-224 email"]
[Site "Remote email"]
[Date "2013.03.07"]
[Round "?"]
[White "Garscha, Freimut E"]
[Black "Witt, Monika"]
[Result "1-0"]
[WhiteElo "2508"]
[BlackElo "1570"]
[PlyCount "43"]
[EventDate "2013.??.??"]
[EventType "tourn (corr)"]
[EventRounds "4"]
[EventCountry "GER"]
[SourceTitle "Corr 2015"]
[Source "ChessBase"]
[SourceDate "2015.07.17"]
[SourceVersion "1"]
[SourceVersionDate "2015.07.17"]
[SourceQuality "1"]

1. e4 e5 2. Nf3 Nc6 3. Bb5 a6 4. Bxc6 dxc6 5. 0-0 Bd6 6. d4 Bg4 7. dxe5 Be7 8. Nbd2 b5 9. h3 Bh5 10. Qe2 f6 11. Nb3 Bxf3 12. Qxf3 g6 13. Rd1 Qc8 14. Bf4 h5 15. Qg3 g5 16. exf6 Bxf6 17. Bxg5 h4 18. Bxh4 Rh6 19. Qxg8+ Ke7 20. Qg7+ Ke6 21. Nc5+ Ke5 22. Bg3# 1-0

[Event "GER Server Cup10 final email"]
[Site "GER email"]
[Date "2012.10.29"]
[Round "?"]
[White "Rogge, Ralph"]
[Black "Garscha, Freimut E"]
[Result "0-1"]
[WhiteElo "1844"]
[BlackElo "2132"]
[PlyCount "52"]
[EventDate "2012.11.02"]
[EventType "tourn (corr)"]
[EventRounds "4"]
[EventCountry "GER"]
[SourceTitle "Corr 2015"]
[Source "ChessBase"]
[SourceDate "2015.07.17"]
[SourceVersion "1"]
[SourceVersionDate "2015.07.17"]
[SourceQuality "1"]

1. d4 d5 2. c4 e6 3. Nc3 c6 4. e3 Nf6 5. Nf3 Nbd7 6. Qc2 Bd6 7. Bd3 0-0 8. 0-0 dxc4 9. Bxc4 b5 10. Bd3 Bb7 11. a3 a5 12. e4 e5 13. Bg5 exd4 14. Nxd4 Bxh2+ 15. Kxh2 Ng4+ 16. Kg3 Qxg5 17. f4 Qd8 18. Nf5 g6 19. Kxg4 gxf5+ 20. Kg3 Kh8 21. e5 Rg8+ 22. Kh2 Qh4+ 23. Kg1 c5 24. Rf2 Ra6 25. Rd1 Rh6 26. Kf1 Bxg2+ 0-1

[Event "GER-ch44 V04 email"]
[Site "GER email"]
[Date "2012.04.25"]
[Round "?"]
[White "Buhmann, Thomas"]
[Black "Garscha, Freimut E"]
[Result "1/2-1/2"]
[WhiteElo "2135"]
[BlackElo "2132"]
[PlyCount "65"]
[EventDate "2012.04.30"]
[EventType "tourn (corr)"]
[EventRounds "10"]
[EventCountry "GER"]
[SourceTitle "Corr 2015"]
[Source "ChessBase"]
[SourceDate "2015.07.17"]
[SourceVersion "1"]
[SourceVersionDate "2015.07.17"]
[SourceQuality "1"]

1. d4 d5 2. c4 e6 3. Nf3 Nf6 4. g3 dxc4 5. Bg2 Bb4+ 6. Bd2 c5 7. Bxb4 cxb4 8. Ne5 0-0 9. 0-0 Nc6 10. Bxc6 bxc6 11. a3 Qd6 12. axb4 Qxb4 13. Nd2 c5 14. Ndxc4 Bd7 15. Qe1 Qxe1 16. Rfxe1 cxd4 17. Red1 Bb5 18. Rxd4 Rfb8 19. e3 Nd5 20. Nd6 f6 21. Nec4 Bd7 22. Rd2 Kf8 23. e4 Ne7 24. f4 Rb4 25. e5 Bc6 26. Ra6 f5 27. Ra3 h6 28. h4 g6 29. Kf2 Bd5 30. Ne3 Rab8 31. Nxd5 Nxd5 32. Rxa7 Rxb2 33. Ra2 1/2-1/2

[Event "GER-Cup10 E/V03 email"]
[Site "GER email"]
[Date "2011.10.11"]
[Round "?"]
[White "Halfmeier, Hartmut"]
[Black "Garscha, Freimut E"]
[Result "0-1"]
[WhiteElo "1663"]
[BlackElo "2132"]
[PlyCount "78"]
[EventDate "2011.10.20"]
[EventType "tourn (corr)"]
[EventRounds "4"]
[EventCountry "GER"]
[SourceTitle "Corr 2015"]
[Source "ChessBase"]
[SourceDate "2015.07.17"]
[SourceVersion "1"]
[SourceVersionDate "2015.07.17"]
[SourceQuality "1"]
[WhiteTeam "Germany"]
[BlackTeam "Germany"]
[WhiteTeamCountry "GER"]
[BlackTeamCountry "GER"]

1. e4 e5 2. Nf3 Nf6 3. d4 Nxe4 4. Bd3 d5 5. Nxe5 Nd7 6. Qe2 Nxe5 7. dxe5 Nc5 8. Nc3 c6 9. 0-0 Be7 10. Rd1 0-0 11. Bc4 Be6 12. b4 Nd7 13. Nxd5 cxd5 14. Bxd5 Qc7 15. Bxe6 fxe6 16. f4 Nb6 17. a3 a5 18. Qg4 Rf5 19. bxa5 Rxa5 20. Bd2 Rxa3 21. Rxa3 Bxa3 22. c3 Nc4 23. Qe2 g5 24. fxg5 Rxe5 25. Qf1 Rd5 26. Bc1 Bc5+ 27. Kh1 Rxd1 28. Qxd1 Qe5 29. h3 Bd6 30. Kg1 b5 31. Kf1 Qxc3 32. Qe1 Qxe1+ 33. Kxe1 Ba3 34. Bf4 e5 35. Bxe5 Nxe5 36. Kd2 Kf7 37. Kc2 Kg6 38. h4 Nc4 39. Kb3 Kf5 0-1

[Event "GER-ch43 V12 email"]
[Site "GER email"]
[Date "2011.04.10"]
[Round "?"]
[White "Garscha, Freimut E"]
[Black "Geissler, Walter"]
[Result "1/2-1/2"]
[WhiteElo "2146"]
[BlackElo "2112"]
[PlyCount "42"]
[EventDate "2011.04.18"]
[EventType "tourn (corr)"]
[EventRounds "12"]
[EventCountry "GER"]
[SourceTitle "Corr 2015"]
[Source "ChessBase"]
[SourceDate "2015.07.17"]
[SourceVersion "1"]
[SourceVersionDate "2015.07.17"]
[SourceQuality "1"]
[WhiteTeam "Germany"]
[BlackTeam "Latvia"]
[WhiteTeamCountry "GER"]
[BlackTeamCountry "LAT"]

1. d4 d5 2. c4 c6 3. Nf3 Nf6 4. e3 e6 5. b3 Nbd7 6. Bb2 Bb4+ 7. Nbd2 0-0 8. Bd3 b6 9. 0-0 Bb7 10. Qe2 Qe7 11. e4 dxe4 12. Nxe4 Nxe4 13. Bxe4 Rad8 14. a3 Bd6 15. Rfe1 a5 16. Bc2 Rfe8 17. h3 Nf8 18. Bc3 c5 19. Be4 Ng6 20. Bxb7 Qxb7 21. dxc5 Bxc5 1/2-1/2

[Event "GER-ch43 V12 email"]
[Site "GER email"]
[Date "2011.04.10"]
[Round "?"]
[White "Ritter, Klaus"]
[Black "Garscha, Freimut E"]
[Result "1/2-1/2"]
[WhiteElo "1966"]
[BlackElo "2146"]
[PlyCount "79"]
[EventDate "2011.04.18"]
[EventType "tourn (corr)"]
[EventRounds "12"]
[EventCountry "GER"]
[SourceTitle "Corr 2015"]
[Source "ChessBase"]
[SourceDate "2015.07.17"]
[SourceVersion "1"]
[SourceVersionDate "2015.07.17"]
[SourceQuality "1"]
[WhiteTeam "Germany"]
[BlackTeam "Latvia"]
[WhiteTeamCountry "GER"]
[BlackTeamCountry "LAT"]

1. e4 c5 2. Nf3 d6 3. d4 cxd4 4. Nxd4 Nf6 5. Nc3 a6 6. f3 e5 7. Nb3 Be6 8. Be3 h5 9. Nd5 Bxd5 10. exd5 Nbd7 11. Qd2 Qc7 12. c4 a5 13. a4 b6 14. Bd3 g6 15. 0-0 Bg7 16. Rae1 0-0 17. h3 Rab8 18. Qd1 Rbe8 19. Nd2 Nc5 20. Bc2 e4 21. b3 exf3 22. Qxf3 Nfd7 23. Qg3 Ne5 24. Bf4 Qd8 25. Bg5 Qc7 26. Nb1 f5 27. Nc3 Qd7 28. Nb5 Kh7 29. Qh4 Bh6 30. Bxh6 Kxh6 31. Qf4+ g5 32. Qd2 h4 33. Nd4 f4 34. Bb1 Rf6 35. Rf2 Qf7 36. Nc6 Qg7 37. Qd1 Rff8 38. Nd4 Ned3 39. Rxe8 Qxd4 40. Rxf8 1/2-1/2

[Event "GER-ch43 V12 email"]
[Site "GER email"]
[Date "2011.04.10"]
[Round "?"]
[White "Semmelroth, Heinz Dieter"]
[Black "Garscha, Freimut E"]
[Result "1/2-1/2"]
[WhiteElo "2072"]
[BlackElo "2146"]
[PlyCount "47"]
[EventDate "2011.04.18"]
[EventType "tourn (corr)"]
[EventRounds "12"]
[EventCountry "GER"]
[SourceTitle "Corr 2015"]
[Source "ChessBase"]
[SourceDate "2015.07.17"]
[SourceVersion "1"]
[SourceVersionDate "2015.07.17"]
[SourceQuality "1"]
[WhiteTeam "Germany"]
[BlackTeam "Latvia"]
[WhiteTeamCountry "GER"]
[BlackTeamCountry "LAT"]

1. c4 e6 2. d4 d5 3. Nc3 Nf6 4. Nf3 Bb4 5. Bg5 h6 6. Bxf6 Qxf6 7. e3 0-0 8. Rc1 dxc4 9. Bxc4 c5 10. 0-0 cxd4 11. Nxd4 Bd7 12. Qb3 Nc6 13. Rfd1 Qe7 14. Nf5 exf5 15. Nd5 Qe4 16. Nxb4 Na5 17. Qc2 Nxc4 18. Rxd7 Rfd8 19. Qxe4 fxe4 20. Rxb7 Nxb2 21. h4 Rab8 22. Rxb8 Rxb8 23. Nc6 Nd3 24. Nxb8 1/2-1/2